00453nam a2200157Ia 4500008004100000020001500041082001500056100002500071245003400096250000700130260004200137300002600179500001900205600002100224650005000245240925s9999 xx 000 0 und d a8178082942 a005.44 TAN aTanenbaum, Andrew S. 0aDistributed Operating Systems aNA aSingapore:bPearson educationc,2001. ax,852p.bNAfOriginal aIncludes Index aComputer Science aComputer science, information & general works